<?xml version="1.0" encoding="UTF-8"?>
<record
    xmlns:xsi="http://www.w3.org/2001/XMLSchema-instance"
    xsi:schemaLocation="http://www.loc.gov/MARC21/slim http://www.loc.gov/standards/marcxml/schema/MARC21slim.xsd"
    xmlns="http://www.loc.gov/MARC21/slim">

  <leader>00638nam a2200229Ia 4500</leader>
  <datafield tag="999" ind1=" " ind2=" ">
    <subfield code="c">36007</subfield>
    <subfield code="d">36007</subfield>
  </datafield>
  <controlfield tag="001">1906</controlfield>
  <controlfield tag="003">GE_BSU</controlfield>
  <controlfield tag="005">20221010153924.0</controlfield>
  <controlfield tag="008">181216s2006ru  xx |||||||||||||| ||rus||</controlfield>
  <datafield tag="010" ind1=" " ind2=" ">
    <subfield code="a">5222083608</subfield>
  </datafield>
  <datafield tag="022" ind1=" " ind2=" ">
    <subfield code="2">5222083608</subfield>
  </datafield>
  <datafield tag="040" ind1=" " ind2=" ">
    <subfield code="c">GE_BSU</subfield>
  </datafield>
  <datafield tag="041" ind1=" " ind2=" ">
    <subfield code="a">rus</subfield>
  </datafield>
  <datafield tag="080" ind1=" " ind2=" ">
    <subfield code="a">347.9 &#x411;-28</subfield>
  </datafield>
  <datafield tag="100" ind1=" " ind2=" ">
    <subfield code="a">&#x411;&#x430;&#x442;&#x44F;&#x435;&#x432;,&#x410;.&#x410;.</subfield>
    <subfield code="9">15200</subfield>
  </datafield>
  <datafield tag="245" ind1=" " ind2=" ">
    <subfield code="a">&#x421;&#x443;&#x434;&#x438;&#x442;&#x435;&#x441;&#x44C; &#x43F;&#x440;&#x430;&#x432;&#x438;&#x43B;&#x43D;&#x43E;  /</subfield>
    <subfield code="c">&#x410;.&#x410;. &#x411;&#x430;&#x442;&#x44F;&#x435;&#x432;.</subfield>
  </datafield>
  <datafield tag="264" ind1=" " ind2=" ">
    <subfield code="a">&#x420;&#x43E;&#x441;&#x442;&#x43E;&#x432;-&#x41D;&#x430; -&#x414;&#x43E;&#x43D;&#x443; :</subfield>
    <subfield code="b">&#x424;&#x435;&#x43D;&#x438;&#x43A;&#x441;,</subfield>
    <subfield code="c">2006.</subfield>
  </datafield>
  <datafield tag="300" ind1=" " ind2=" ">
    <subfield code="a">253 &#x441;.:</subfield>
    <subfield code="b"> 20 &#x441;&#x43C;.</subfield>
  </datafield>
  <datafield tag="653" ind1=" " ind2=" ">
    <subfield code="a">&#x421;&#x443;&#x434;&#x438;&#x442;&#x435;&#x441;&#x44C; &#x43F;&#x440;&#x430;&#x432;&#x438;&#x43B;&#x43D;&#x43E;</subfield>
  </datafield>
  <datafield tag="653" ind1=" " ind2=" ">
    <subfield code="a">&#x10E1;&#x10D0;&#x10DB;&#x10D0;&#x10E0;&#x10D7;&#x10D0;&#x10DA;&#x10D8;</subfield>
  </datafield>
  <datafield tag="942" ind1=" " ind2=" ">
    <subfield code="c">BK</subfield>
    <subfield code="2">udc</subfield>
  </datafield>
  <datafield tag="952" ind1=" " ind2=" ">
    <subfield code="0">0</subfield>
    <subfield code="1">0</subfield>
    <subfield code="2">udc</subfield>
    <subfield code="4">0</subfield>
    <subfield code="6">3479_&#x411;28</subfield>
    <subfield code="7">0</subfield>
    <subfield code="9">34733</subfield>
    <subfield code="a">CPL</subfield>
    <subfield code="b">CPL</subfield>
    <subfield code="c">GEN</subfield>
    <subfield code="d">2018-12-17</subfield>
    <subfield code="g">10.00</subfield>
    <subfield code="o">347.9 &#x411;-28</subfield>
    <subfield code="p">3924</subfield>
    <subfield code="r">2018-12-17</subfield>
    <subfield code="t">3924</subfield>
    <subfield code="w">2018-12-17</subfield>
    <subfield code="y">BK</subfield>
    <subfield code="z">10.00</subfield>
  </datafield>
</record>
